[Event "European Women's Chess Club Cup 2023"]
[Site "Durres, Albania"]
[Date "2023.10.05"]
[Round "5.6"]
[White "Javakhishvili, Lela"]
[Black "Buksa, Nataliya"]
[Result "1-0"]
[TimeControl "90' + 30' & 30\""]
[WhiteElo "2437"]
[BlackElo "2361"]

1. Nf3 {[%clk 01:30:53]} {[%emt 00:00:06]} c5 {[%clk 01:30:50]} {[%emt
00:00:11]} 2. c4 {[%clk 01:30:37]} {[%emt 00:00:46]} Nc6 {[%clk 01:31:17]}
{[%emt 00:00:03]} 3. g3 {[%clk 01:30:41]} {[%emt 00:00:26]} e5 {[%clk
01:31:42]} {[%emt 00:00:04]} 4. Nc3 {[%clk 01:30:26]} {[%emt 00:00:44]} d6
{[%clk 01:31:22]} {[%emt 00:00:52]} 5. Bg2 {[%clk 01:30:37]} {[%emt 00:00:19]}
g6 {[%clk 01:31:49]} {[%emt 00:00:03]} 6. a3 {[%clk 01:30:47]} {[%emt
00:00:20]} a5 {[%clk 01:29:15]} {[%emt 00:03:04]} 7. O-O {[%clk 01:30:52]}
{[%emt 00:00:25]} Bg7 {[%clk 01:29:43]} {[%emt 00:00:02]} 8. d3 {[%clk
01:30:53]} {[%emt 00:00:28]} Nge7 {[%clk 01:30:09]} {[%emt 00:00:04]} 9. Ne1
{[%clk 01:30:37]} {[%emt 00:00:46]} O-O {[%clk 01:24:56]} {[%emt 00:05:44]} 10.
Nc2 {[%clk 01:30:42]} {[%emt 00:00:24]} Rb8 {[%clk 01:25:03]} {[%emt 00:00:23]}
11. Rb1 {[%clk 01:25:57]} {[%emt 00:05:15]} Bd7 {[%clk 01:18:15]} {[%emt
00:07:18]} 12. Bg5 {[%clk 01:20:05]} {[%emt 00:06:22]} h6 {[%clk 01:11:38]}
{[%emt 00:07:08]} 13. Bxe7 {[%clk 01:19:56]} {[%emt 00:00:40]} Nxe7 {[%clk
01:12:05]} {[%emt 00:00:03]} 14. b4 {[%clk 01:19:35]} {[%emt 00:00:50]} b6
{[%clk 01:09:28]} {[%emt 00:03:08]} 15. bxc5 {[%clk 01:15:34]} {[%emt
00:04:30]} bxc5 {[%clk 01:09:28]} {[%emt 00:00:30]} 16. Ne3 {[%clk 01:15:40]}
{[%emt 00:00:23]} Kh7 {[%clk 00:59:16]} {[%emt 00:10:43]} 17. Qc2 {[%clk
01:12:03]} {[%emt 00:04:07]} Nc6 {[%clk 00:46:41]} {[%emt 00:13:05]} 18. Rxb8
{[%clk 01:11:53]} {[%emt 00:00:40]} Qxb8 {[%clk 00:47:08]} {[%emt 00:00:03]} 19.
Rb1 {[%clk 01:12:15]} {[%emt 00:00:08]} Qd8 {[%clk 00:47:25]} {[%emt 00:00:14]}
20. Qb3 {[%clk 01:05:49]} {[%emt 00:06:55]} f5 {[%clk 00:41:34]} {[%emt
00:06:22]} 21. Ned5 {[%clk 01:02:07]} {[%emt 00:04:11]} Be6 {[%clk 00:31:27]}
{[%emt 00:10:37]} 22. Qb6 {[%clk 00:52:27]} {[%emt 00:10:10]} Qd7 {[%clk
00:26:06]} {[%emt 00:05:51]} 23. Qc7 {[%clk 00:45:16]} {[%emt 00:07:40]} Rf7
{[%clk 00:22:49]} {[%emt 00:03:48]} 24. Qxd7 {[%clk 00:45:05]} {[%emt
00:00:41]} Bxd7 {[%clk 00:22:24]} {[%emt 00:00:56]} 25. Rb7 {[%clk 00:40:15]}
{[%emt 00:05:19]} Be8 {[%clk 00:16:46]} {[%emt 00:06:07]} 26. Rb6 {[%clk
00:38:52]} {[%emt 00:01:54]} e4 {[%clk 00:15:23]} {[%emt 00:01:53]} 27. dxe4
{[%clk 00:36:37]} {[%emt 00:02:45]} Ne5 {[%clk 00:14:59]} {[%emt 00:00:55]} 28.
exf5 {[%clk 00:34:56]} {[%emt 00:02:11]} gxf5 {[%clk 00:15:19]} {[%emt
00:00:10]} 29. Ne3 {[%clk 00:25:41]} {[%emt 00:09:44]} Nxc4 {[%clk 00:13:21]}
{[%emt 00:02:28]} 30. Nxc4 {[%clk 00:26:01]} {[%emt 00:00:10]} Bxc3 {[%clk
00:13:49]} {[%emt 00:00:03]} 31. Nxd6 {[%clk 00:25:41]} {[%emt 00:00:49]} Re7
{[%clk 00:14:17]} {[%emt 00:00:03]} 32. e3 {[%clk 00:18:28]} {[%emt 00:07:42]}
Bg6 {[%clk 00:13:35]} {[%emt 00:01:12]} 33. Rc6 {[%clk 00:17:38]} {[%emt
00:01:21]} f4 {[%clk 00:07:12]} {[%emt 00:06:53]} 34. gxf4 {[%clk 00:17:30]}
{[%emt 00:00:37]} Rd7 {[%clk 00:07:39]} {[%emt 00:00:04]} 35. h3 {[%clk
00:14:33]} {[%emt 00:03:26]} Bg7 {[%clk 00:06:22]} {[%emt 00:01:47]} 36. f5
{[%clk 00:12:30]} {[%emt 00:02:33]} Bh5 {[%clk 00:06:46]} {[%emt 00:00:06]} 37.
Ne4 {[%clk 00:12:15]} {[%emt 00:00:45]} Rd1+ {[%clk 00:05:13]} {[%emt
00:02:03]} 38. Kh2 {[%clk 00:12:40]} {[%emt 00:00:05]} a4 {[%clk 00:04:01]}
{[%emt 00:01:42]} 39. Rxc5 {[%clk 00:11:36]} {[%emt 00:01:34]} Rd3 {[%clk
00:04:03]} {[%emt 00:00:28]} 40. f6 {[%clk 00:11:36]} {[%emt 00:00:30]} Bf8
{[%clk 00:04:29]} {[%emt 00:00:04]} 41. Rxh5 {[%clk 00:11:55]} {[%emt
00:00:11]} 1-0

[Event "European Women's Chess Club Cup 2023"]
[Site "Durres, Albania"]
[Date "2023.10.05"]
[Round "5.7"]
[White "Unuk, Laura"]
[Black "Daulyte-Cornette, Deimante"]
[Result "0-1"]
[TimeControl "90' + 30' & 30\""]
[WhiteElo "2313"]
[BlackElo "2360"]

1. d4 {[%clk 01:30:56]} {[%emt 00:00:03]} Nf6 {[%clk 01:30:52]} {[%emt
00:00:07]} 2. c4 {[%clk 01:31:18]} {[%emt 00:00:08]} e6 {[%clk 01:31:16]}
{[%emt 00:00:06]} 3. Nf3 {[%clk 01:31:38]} {[%emt 00:00:11]} d5 {[%clk
01:31:33]} {[%emt 00:00:13]} 4. g3 {[%clk 01:31:24]} {[%emt 00:00:44]} Be7
{[%clk 01:30:43]} {[%emt 00:01:20]} 5. Bg2 {[%clk 01:31:25]} {[%emt 00:00:29]}
O-O {[%clk 01:31:05]} {[%emt 00:00:07]} 6. O-O {[%clk 01:31:08]} {[%emt
00:00:48]} a5 {[%clk 01:31:22]} {[%emt 00:00:13]} 7. Nc3 {[%clk 01:29:54]}
{[%emt 00:01:45]} c6 {[%clk 01:31:14]} {[%emt 00:00:37]} 8. Ne5 {[%clk
01:23:03]} {[%emt 00:07:21]} Nbd7 {[%clk 01:24:52]} {[%emt 00:06:52]} 9. e4
{[%clk 01:19:07]} {[%emt 00:04:26]} Nxe5 {[%clk 01:14:34]} {[%emt 00:10:48]} 10.
dxe5 {[%clk 01:19:24]} {[%emt 00:00:13]} Nd7 {[%clk 01:14:43]} {[%emt
00:00:22]} 11. exd5 {[%emt 00:29:08]} exd5 {[%clk 00:54:34]} {[%emt 00:10:26]}
12. cxd5 {[%clk 00:53:15]} {[%emt 00:08:14]} Nxe5 {[%clk 00:54:55]} {[%emt
00:00:08]} 13. Bf4 {[%clk 00:52:18]} {[%emt 00:01:27]} Ng6 {[%clk 00:44:45]}
{[%emt 00:10:40]} 14. Be3 {[%clk 00:51:43]} {[%emt 00:01:05]} cxd5 {[%clk
00:23:18]} {[%emt 00:21:57]} 15. Nxd5 {[%clk 00:49:59]} {[%emt 00:02:13]} Be6
{[%clk 00:23:33]} {[%emt 00:00:16]} 16. Rc1 {[%clk 00:47:29]} {[%emt 00:03:00]}
Rc8 {[%clk 00:13:10]} {[%emt 00:10:53]} 17. Rxc8 {[%clk 00:40:31]} {[%emt
00:07:28]} Qxc8 {[%clk 00:13:12]} {[%emt 00:00:28]} 18. Qa4 {[%clk 00:36:57]}
{[%emt 00:04:04]} Bd8 {[%clk 00:07:33]} {[%emt 00:06:08]} 19. Nb6 {[%clk
00:31:33]} {[%emt 00:05:55]} Bxb6 {[%clk 00:06:34]} {[%emt 00:01:29]} 20. Bxb6
{[%clk 00:31:58]} {[%emt 00:00:06]} Bh3 {[%clk 00:06:45]} {[%emt 00:00:18]} 21.
Bxa5 {[%clk 00:29:19]} {[%emt 00:03:10]} Bxg2 {[%clk 00:07:02]} {[%emt
00:00:12]} 22. Kxg2 {[%clk 00:28:55]} {[%emt 00:00:54]} Qa8 {[%clk 00:07:22]}
{[%emt 00:00:10]} 23. f3 {[%clk 00:21:59]} {[%emt 00:07:26]} b6 {[%clk
00:07:46]} {[%emt 00:00:06]} 24. b4 {[%clk 00:22:26]} {[%emt 00:00:03]} bxa5
{[%clk 00:06:40]} {[%emt 00:01:36]} 25. b5 {[%clk 00:22:55]} {[%emt 00:00:01]}
Ne5 {[%clk 00:06:28]} {[%emt 00:00:41]} 26. Qd4 {[%clk 00:23:03]} {[%emt
00:00:22]} Re8 {[%clk 00:06:27]} {[%emt 00:00:31]} 27. a4 {[%clk 00:23:03]}
{[%emt 00:00:31]} h6 {[%emt 00:00:31]} 28. Qc3 {[%clk 00:22:11]} {[%emt
00:01:08]} Nd7 {[%clk 00:04:57]} {[%emt 00:02:12]} 29. Rf2 {[%clk 00:20:05]}
{[%emt 00:02:36]} Nb6 {[%clk 00:05:10]} {[%emt 00:00:17]} 30. Qd4 {[%clk
00:20:32]} {[%emt 00:00:03]} Nd5 {[%clk 00:05:11]} {[%emt 00:00:29]} 31. Rd2
{[%clk 00:20:24]} {[%emt 00:00:39]} Ne3+ {[%clk 00:05:07]} {[%emt 00:00:34]} 32.
Kf2 {[%clk 00:20:28]} {[%emt 00:00:26]} Nf5 {[%clk 00:05:03]} {[%emt 00:00:33]}
33. Qc5 {[%emt 00:00:38]} g6 {[%clk 00:04:10]} {[%emt 00:01:11]} 34. b6 {[%clk
00:14:56]} {[%emt 00:06:07]} Rc8 {[%clk 00:03:29]} {[%emt 00:01:11]} 35. Qb5
{[%clk 00:13:57]} {[%emt 00:01:29]} Qb7 {[%clk 00:03:21]} {[%emt 00:00:37]} 36.
Qxa5 {[%clk 00:12:17]} {[%emt 00:02:11]} Qe7 {[%clk 00:01:53]} {[%emt
00:01:58]} 37. Re2 {[%clk 00:12:01]} {[%emt 00:00:45]} Qd7 {[%clk 00:01:53]}
{[%emt 00:00:30]} 38. Qb4 {[%clk 00:09:48]} {[%emt 00:02:44]} Qb7 {[%clk
00:01:41]} {[%emt 00:00:41]} 39. a5 {[%clk 00:09:48]} {[%emt 00:00:30]} Rd8
{[%emt 00:05:16]} 40. Qe4 {[%clk 00:04:31]} {[%emt 00:00:49]} Qa6 {[%clk
00:01:12]} {[%emt 00:01:11]} 41. Qe5 {[%clk 00:29:55]} {[%emt 00:05:05]} Nd6
{[%clk 00:26:21]} {[%emt 00:05:22]} 42. Qf6 {[%clk 00:25:30]} {[%emt 00:04:56]}
Nb7 {[%clk 00:24:12]} {[%emt 00:02:38]} 43. Re7 {[%clk 00:12:46]} {[%emt
00:13:14]} Qc4 {[%clk 00:23:04]} {[%emt 00:01:38]} 44. Kg2 {[%clk 00:08:40]}
{[%emt 00:04:37]} Nxa5 {[%clk 00:20:47]} {[%emt 00:02:47]} 45. Kh3 {[%emt
00:03:16]} Nc6 {[%clk 00:14:21]} {[%emt 00:05:45]} 46. Rc7 {[%clk 00:05:31]}
{[%emt 00:02:04]} Qf1+ {[%clk 00:14:23]} {[%emt 00:00:27]} 47. Kg4 {[%clk
00:04:02]} {[%emt 00:01:59]} Rd4+ {[%clk 00:13:48]} {[%emt 00:01:05]} 48. f4
{[%clk 00:04:25]} {[%emt 00:00:06]} Qd1+ {[%clk 00:05:05]} {[%emt 00:09:12]} 49.
Kh3 {[%clk 00:04:48]} {[%emt 00:00:08]} Nd8 {[%clk 00:04:53]} {[%emt 00:00:43]}
50. b7 {[%clk 00:04:48]} {[%emt 00:00:30]} Qh5+ {[%clk 00:02:32]} {[%emt
00:02:51]} 51. Qh4 {[%emt 00:01:31]} Qb5 {[%clk 00:00:48]} {[%emt 00:00:58]} 52.
Qf6 {[%clk 00:02:24]} {[%emt 00:03:09]} Rd2 {[%clk 00:01:02]} {[%emt 00:00:15]}
53. Qe5 {[%clk 00:01:02]} {[%emt 00:01:53]} Qf1+ {[%clk 00:01:06]} {[%emt
00:00:26]} 54. Kg4 {[%clk 00:01:26]} {[%emt 00:00:06]} f5+ {[%clk 00:00:42]}
{[%emt 00:00:55]} 0-1

[Event "European Women's Chess Club Cup 2023"]
[Site "Durres, Albania"]
[Date "2023.10.05"]
[Round "5.8"]
[White "Zhukova, Natalia"]
[Black "Urh, Zala"]
[Result "1/2-1/2"]
[TimeControl "90' + 30' & 30\""]
[WhiteElo "2303"]
[BlackElo "2216"]

1. c4 {[%clk 01:30:54]} {[%emt 00:00:04]} e5 {[%clk 01:30:37]} {[%emt
00:00:23]} 2. Nc3 {[%clk 01:31:10]} {[%emt 00:00:14]} Nf6 {[%clk 01:30:59]}
{[%emt 00:00:09]} 3. Nf3 {[%clk 01:31:29]} {[%emt 00:00:11]} Nc6 {[%clk
01:31:23]} {[%emt 00:00:06]} 4. g3 {[%clk 01:31:38]} {[%emt 00:00:21]} d5
{[%clk 01:31:23]} {[%emt 00:00:30]} 5. cxd5 {[%clk 01:31:59]} {[%emt 00:00:09]}
Nxd5 {[%clk 01:31:49]} {[%emt 00:00:04]} 6. Bg2 {[%clk 01:32:23]} {[%emt
00:00:06]} Nf6 {[%clk 01:32:05]} {[%emt 00:00:14]} 7. O-O {[%clk 01:31:56]}
{[%emt 00:00:56]} h6 {[%clk 01:32:13]} {[%emt 00:00:23]} 8. d3 {[%clk
01:23:02]} {[%emt 00:09:24]} Bd6 {[%clk 01:32:03]} {[%emt 00:00:39]} 9. d4
{[%emt 00:10:41]} exd4 {[%clk 01:22:00]} {[%emt 00:08:30]} 10. Nxd4 {[%clk
01:15:18]} {[%emt 00:00:06]} Nxd4 {[%clk 01:22:16]} {[%emt 00:00:16]} 11. Qxd4
{[%clk 01:15:42]} {[%emt 00:00:05]} Qe7 {[%clk 01:21:47]} {[%emt 00:00:59]} 12.
Bf4 {[%clk 01:10:29]} {[%emt 00:05:43]} Bxf4 {[%clk 01:19:02]} {[%emt
00:03:16]} 13. Qxf4 {[%clk 01:10:51]} {[%emt 00:00:08]} O-O {[%emt 00:11:57]}
14. Rfd1 {[%clk 00:59:59]} {[%emt 00:00:26]} c6 {[%clk 01:16:52]} {[%emt
00:02:08]} 15. e4 {[%clk 00:52:32]} {[%emt 00:07:56]} Be6 {[%clk 01:07:51]}
{[%emt 00:09:31]} 16. h3 {[%clk 00:52:08]} {[%emt 00:00:55]} Rad8 {[%clk
01:01:31]} {[%emt 00:06:50]} 17. Qe3 {[%clk 00:52:03]} {[%emt 00:00:35]} Qb4
{[%clk 01:00:15]} {[%emt 00:01:47]} 18. b3 {[%clk 00:36:51]} {[%emt 00:15:42]}
Rfe8 {[%clk 00:49:29]} {[%emt 00:11:16]} 19. f4 {[%clk 00:28:52]} {[%emt
00:08:29]} Qa5 {[%clk 00:36:11]} {[%emt 00:13:48]} 20. Rxd8 {[%clk 00:09:50]}
{[%emt 00:19:32]} Rxd8 {[%clk 00:35:27]} {[%emt 00:01:14]} 21. Rf1 {[%clk
00:10:03]} {[%emt 00:00:16]} Bc8 {[%clk 00:28:45]} {[%emt 00:07:12]} 22. Rf2
{[%clk 00:09:05]} {[%emt 00:01:28]} Qh5 {[%clk 00:15:59]} {[%emt 00:13:16]} 23.
e5 {[%clk 00:06:20]} {[%emt 00:03:15]} Nd5 {[%clk 00:14:25]} {[%emt 00:02:05]}
24. Nxd5 {[%clk 00:06:38]} {[%emt 00:00:12]} cxd5 {[%clk 00:14:47]} {[%emt
00:00:08]} 25. Qxa7 {[%clk 00:04:58]} {[%emt 00:02:10]} Bxh3 {[%clk 00:13:06]}
{[%emt 00:02:11]} 26. Qd4 {[%clk 00:01:40]} {[%emt 00:03:48]} Qg4 {[%clk
00:11:32]} {[%emt 00:02:04]} 27. Kh2 {[%clk 00:01:54]} {[%emt 00:00:17]} Bxg2
{[%clk 00:11:14]} {[%emt 00:00:47]} 28. Kxg2 {[%clk 00:01:49]} {[%emt
00:00:34]} h5 {[%clk 00:11:44]} 29. Qd3 {[%clk 00:00:44]} {[%emt 00:01:35]} h4
{[%clk 00:06:10]} {[%emt 00:06:04]} 30. Qf3 {[%clk 00:01:12]} {[%emt 00:00:02]}
h3+ {[%clk 00:06:39]} {[%emt 00:00:02]} 31. Kh2 {[%clk 00:01:38]} {[%emt
00:00:04]} Qc8 {[%clk 00:07:06]} {[%emt 00:00:03]} 32. Rd2 {[%clk 00:01:08]}
{[%emt 00:01:00]} d4 {[%clk 00:06:57]} {[%emt 00:00:40]} 33. g4 {[%clk
00:00:53]} {[%emt 00:00:44]} d3 {[%clk 00:05:39]} {[%emt 00:01:48]} 34. Kxh3
{[%clk 00:01:11]} {[%emt 00:00:13]} Qc3 {[%clk 00:04:58]} {[%emt 00:01:10]} 35.
Qe3 {[%clk 00:01:39]} {[%emt 00:00:02]} Rd4 {[%clk 00:04:24]} {[%emt 00:01:03]}
36. Kg3 {[%clk 00:01:33]} {[%emt 00:00:37]} Re4 {[%clk 00:03:32]} {[%emt
00:01:22]} 37. Qxe4 {[%clk 00:01:27]} {[%emt 00:00:36]} Qxd2 {[%clk 00:03:58]}
{[%emt 00:00:05]} 38. e6 {[%clk 00:01:39]} {[%emt 00:00:17]} fxe6 {[%clk
00:03:29]} {[%emt 00:00:58]} 39. Qxe6+ {[%clk 00:02:07]} {[%emt 00:00:03]} Kf8
{[%clk 00:01:04]} {[%emt 00:02:55]} 40. Qc8+ {[%clk 00:01:27]} {[%emt
00:01:10]} Ke7 {[%clk 00:01:13]} {[%emt 00:00:20]} 41. Qxb7+ {[%clk 00:00:46]}
{[%emt 00:01:11]} Kd6 {[%clk 00:29:35]} {[%emt 00:02:07]} 42. Qb6+ {[%clk
00:23:41]} {[%emt 00:07:36]} Kd5 {[%clk 00:28:43]} {[%emt 00:01:22]} 43. Qb5+
{[%clk 00:23:56]} {[%emt 00:00:16]} Kd6 {[%clk 00:28:52]} {[%emt 00:00:20]} 44.
Qb6+ {[%clk 00:22:18]} {[%emt 00:02:08]} Kd5 {[%clk 00:29:07]} {[%emt
00:00:15]} 45. Qb5+ {[%clk 00:22:41]} {[%emt 00:00:08]} 1/2-1/2

[Event "European Women's Chess Club Cup 2023"]
[Site "Durres, Albania"]
[Date "2023.10.05"]
[Round "5.9"]
[White "Batsiashvili, Nino"]
[Black "Danielian, Elina"]
[Result "1/2-1/2"]
[TimeControl "90' + 30' & 30\""]
[WhiteElo "2475"]
[BlackElo "2416"]

1. d4 {[%clk 01:30:56]} {[%emt 00:00:03]} Nf6 {[%clk 01:30:43]} {[%emt
00:00:18]} 2. c4 {[%clk 01:31:22]} {[%emt 00:00:04]} e6 {[%clk 01:31:08]}
{[%emt 00:00:04]} 3. Nc3 {[%clk 01:31:50]} {[%emt 00:00:02]} Bb4 {[%clk
01:31:26]} {[%emt 00:00:12]} 4. a3 {[%clk 01:32:16]} {[%emt 00:00:05]} Bxc3+
{[%clk 01:31:50]} {[%emt 00:00:05]} 5. bxc3 {[%clk 01:32:42]} {[%emt 00:00:04]}
O-O {[%clk 01:31:46]} {[%emt 00:00:34]} 6. f3 {[%clk 01:31:25]} {[%emt
00:01:46]} c5 {[%clk 01:32:12]} {[%emt 00:00:05]} 7. e4 {[%clk 01:31:33]}
{[%emt 00:00:21]} d6 {[%clk 01:31:42]} {[%emt 00:01:01]} 8. Ne2 {[%clk
01:29:50]} {[%emt 00:02:12]} Nc6 {[%clk 01:31:50]} {[%emt 00:00:23]} 9. Bg5
{[%clk 01:29:59]} {[%emt 00:00:20]} h6 {[%clk 01:31:58]} {[%emt 00:00:23]} 10.
Bh4 {[%clk 01:30:23]} {[%emt 00:00:06]} cxd4 {[%clk 01:29:42]} {[%emt
00:02:46]} 11. Nxd4 {[%clk 01:22:30]} {[%emt 00:08:23]} Ne5 {[%clk 01:18:30]}
{[%emt 00:11:42]} 12. Nb5 {[%clk 01:19:37]} {[%emt 00:03:23]} d5 {[%clk
00:49:37]} {[%emt 00:29:24]} 13. Bg3 {[%clk 01:16:03]} {[%emt 00:04:03]} a6
{[%clk 00:49:56]} {[%emt 00:00:11]} 14. Bxe5 {[%clk 01:15:02]} {[%emt
00:01:30]} axb5 {[%clk 00:50:24]} {[%emt 00:00:03]} 15. cxb5 {[%clk 01:01:04]}
{[%emt 00:14:29]} Qe7 {[%clk 00:50:21]} {[%emt 00:00:32]} 16. Qd4 {[%clk
00:58:00]} {[%emt 00:03:34]} Rxa3 {[%clk 00:42:30]} {[%emt 00:08:20]} 17. Rxa3
{[%clk 00:57:40]} {[%emt 00:00:51]} Qxa3 {[%clk 00:42:58]} {[%emt 00:00:02]} 18.
Be2 {[%clk 00:51:44]} {[%emt 00:06:26]} Qc1+ {[%clk 00:36:53]} {[%emt
00:06:34]} 19. Bd1 {[%clk 00:49:43]} {[%emt 00:02:32]} Bd7 {[%clk 00:32:50]}
{[%emt 00:04:33]} 20. exd5 {[%clk 00:42:02]} {[%emt 00:08:11]} Bxb5 {[%clk
00:21:34]} {[%emt 00:11:46]} 21. dxe6 {[%clk 00:29:28]} {[%emt 00:13:03]} fxe6
{[%clk 00:21:35]} {[%emt 00:00:29]} 22. Qd2 {[%clk 00:27:43]} {[%emt 00:02:16]}
Qa1 {[%clk 00:19:52]} {[%emt 00:02:13]} 23. Bxf6 {[%clk 00:28:07]} {[%emt
00:00:06]} Rxf6 {[%clk 00:19:27]} {[%emt 00:00:54]} 24. Kf2 {[%clk 00:28:29]}
{[%emt 00:00:09]} Rf7 {[%clk 00:14:32]} {[%emt 00:05:25]} 25. Re1 {[%clk
00:21:14]} {[%emt 00:07:44]} Rd7 {[%clk 00:14:48]} {[%emt 00:00:14]} 26. Qc2
{[%clk 00:17:50]} {[%emt 00:03:54]} Qa7+ {[%clk 00:13:02]} {[%emt 00:02:17]} 27.
Kg3 {[%clk 00:17:35]} {[%emt 00:00:43]} Qc5 {[%clk 00:08:45]} {[%emt 00:04:48]}
28. Qe4 {[%clk 00:15:57]} {[%emt 00:02:08]} Qg5+ {[%clk 00:06:32]} {[%emt
00:02:44]} 29. Qg4 {[%clk 00:14:01]} {[%emt 00:02:26]} Qxg4+ {[%clk 00:06:51]}
{[%emt 00:00:11]} 30. Kxg4 {[%clk 00:14:25]} {[%emt 00:00:05]} Bc4 {[%clk
00:07:06]} {[%emt 00:00:15]} 31. Be2 {[%clk 00:14:49]} {[%emt 00:00:06]} Rc7
{[%clk 00:06:58]} {[%emt 00:00:39]} 32. Bxc4 {[%clk 00:14:13]} {[%emt
00:01:06]} Rxc4+ {[%clk 00:07:25]} {[%emt 00:00:02]} 33. Kg3 {[%clk 00:14:32]}
{[%emt 00:00:11]} Kf7 {[%clk 00:03:41]} {[%emt 00:04:15]} 1/2-1/2

[Event "European Women's Chess Club Cup 2023"]
[Site "Durres, Albania"]
[Date "2023.10.05"]
[Round "5.10"]
[White "Rapport, Jovana"]
[Black "Wagner, Dinara"]
[Result "1/2-1/2"]
[TimeControl "90' + 30' & 30\""]
[WhiteElo "2324"]
[BlackElo "2461"]

1. e4 {[%clk 01:30:57]} {[%emt 00:00:02]} c5 {[%clk 01:30:17]} {[%emt
00:00:44]} 2. Nf3 {[%clk 01:31:21]} {[%emt 00:00:06]} d6 {[%clk 01:30:44]}
{[%emt 00:00:03]} 3. Bc4 {[%clk 01:31:43]} {[%emt 00:00:07]} Nf6 {[%clk
01:29:42]} {[%emt 00:01:33]} 4. d3 {[%clk 01:32:06]} {[%emt 00:00:06]} Nc6
{[%clk 01:24:55]} {[%emt 00:05:17]} 5. O-O {[%clk 01:31:56]} {[%emt 00:00:39]}
e6 {[%clk 01:23:51]} {[%emt 00:01:36]} 6. Nbd2 {[%clk 01:29:29]} {[%emt
00:02:56]} a6 {[%clk 01:22:36]} {[%emt 00:01:46]} 7. a4 {[%clk 01:28:58]}
{[%emt 00:00:59]} Be7 {[%clk 01:20:14]} {[%emt 00:02:53]} 8. c3 {[%clk
01:27:48]} {[%emt 00:01:39]} O-O {[%clk 01:04:53]} {[%emt 00:15:52]} 9. Re1
{[%clk 01:27:31]} {[%emt 00:00:48]} Ne5 {[%clk 01:04:07]} {[%emt 00:01:17]} 10.
Nf1 {[%clk 01:16:58]} {[%emt 00:11:02]} Nxc4 {[%clk 00:51:43]} {[%emt
00:12:54]} 11. dxc4 {[%clk 01:17:00]} {[%emt 00:00:27]} b6 {[%clk 00:52:01]}
{[%emt 00:00:12]} 12. Ng3 {[%clk 01:05:42]} {[%emt 00:11:47]} Bb7 {[%clk
00:51:36]} {[%emt 00:00:56]} 13. Bf4 {[%clk 01:06:06]} {[%emt 00:00:05]} Qc7
{[%clk 00:44:00]} {[%emt 00:08:07]} 14. Qe2 {[%clk 00:57:27]} {[%emt 00:09:09]}
Qc6 {[%clk 00:37:58]} 15. b3 {[%clk 00:54:52]} {[%emt 00:09:38]} Rad8 {[%clk
00:37:23]} 16. b4 {[%clk 00:45:34]} {[%emt 00:10:53]} cxb4 {[%clk 00:31:56]} 17.
cxb4 {[%clk 00:45:25]} {[%emt 00:06:34]} Rc8 {[%clk 00:32:21]} 18. Nd2 {[%clk
00:44:17]} {[%emt 00:01:44]} Nd7 {[%clk 00:28:04]} 19. Ra2 {[%clk 00:36:46]}
{[%emt 00:12:48]} Ne5 {[%clk 00:25:57]} 20. b5 {[%clk 00:29:59]} {[%emt
00:09:55]} Qc7 {[%clk 00:23:43]} 21. Rc2 {[%clk 00:25:29]} {[%emt 00:07:44]}
axb5 {[%clk 00:20:45]} 22. axb5 {[%clk 00:25:14]} {[%emt 00:04:11]} Ra8 {[%clk
00:21:10]} 23. Be3 {[%clk 00:19:10]} {[%emt 00:06:40]} Ra3 {[%clk 00:20:54]} 24.
Bd4 {[%clk 00:18:12]} {[%emt 00:02:14]} Rfa8 {[%clk 00:17:47]} 25. Nb1 {[%clk
00:10:29]} {[%emt 00:11:50]} R3a4 {[%clk 00:16:40]} 26. Nd2 {[%clk 00:10:26]}
{[%emt 00:02:10]} Ng6 {[%clk 00:14:24]} 27. Nh5 {[%clk 00:10:41]} {[%emt
00:03:00]} e5 {[%clk 00:13:34]} 28. Be3 {[%clk 00:10:05]} {[%emt 00:02:27]} Bc8
{[%clk 00:13:12]} 29. f3 {[%clk 00:08:45]} {[%emt 00:02:42]} f5 {[%clk
00:12:49]} 30. exf5 {[%clk 00:04:31]} {[%emt 00:05:37]} Bxf5 {[%clk 00:13:15]}
31. Ne4 {[%clk 00:04:44]} {[%emt 00:00:21]} Be6 {[%clk 00:11:46]} 32. Rec1
{[%clk 00:05:09]} {[%emt 00:02:04]} Rc8 {[%clk 00:10:38]} 33. Nd2 {[%clk
00:05:08]} {[%emt 00:02:09]} Nf8 {[%clk 00:09:49]} 34. Ng3 {[%clk 00:05:33]}
{[%emt 00:01:25]} Nd7 {[%clk 00:05:56]} 35. Nge4 {[%clk 00:05:59]} {[%emt
00:04:26]} Qb7 {[%clk 00:05:19]} 36. Qf2 {[%clk 00:05:36]} {[%emt 00:02:00]}
Rb4 {[%clk 00:03:43]} 37. Qe2 {[%clk 00:05:49]} {[%emt 00:02:23]} d5 {[%clk
00:03:34]} 38. cxd5 {[%clk 00:04:31]} {[%emt 00:02:27]} Rxc2 {[%clk 00:04:00]}
39. Rxc2 {[%clk 00:05:00]} {[%emt 00:00:06]} Qxd5 {[%clk 00:04:15]} 40. Nc3
{[%clk 00:03:53]} {[%emt 00:01:51]} Qa8 {[%clk 00:04:30]} 41. Nde4 {[%clk
00:00:54]} {[%emt 00:03:43]} Rc4 {[%clk 00:29:25]} 42. h3 {[%clk 00:26:09]}
{[%emt 00:10:52]} Qc8 {[%clk 00:22:00]} 43. Qd2 {[%clk 00:20:05]} {[%emt
00:14:28]} Nf6 {[%clk 00:09:05]} 44. Nxf6+ {[%clk 00:13:52]} {[%emt 00:20:09]}
Bxf6 {[%clk 00:08:18]} 45. Rc1 {[%clk 00:14:18]} {[%emt 00:01:56]} e4 {[%clk
00:05:33]} 46. Nxe4 {[%clk 00:12:20]} {[%emt 00:05:07]} Rxc1+ {[%clk 00:05:49]}
47. Qxc1 {[%clk 00:12:49]} {[%emt 00:00:16]} Qxc1+ {[%clk 00:06:14]} 48. Bxc1
{[%clk 00:13:17]} {[%emt 00:00:07]} Bd4+ {[%clk 00:06:41]} 49. Kh1 {[%clk
00:12:32]} {[%emt 00:01:18]} Bd7 {[%clk 00:06:54]} 50. Nd6 {[%clk 00:12:53]}
{[%emt 00:00:25]} Bc5 {[%clk 00:06:57]} 51. Bf4 {[%clk 00:12:05]} {[%emt
00:01:44]} Bxd6 {[%clk 00:05:33]} 52. Bxd6 {[%clk 00:11:35]} {[%emt 00:02:55]}
Bxb5 {[%clk 00:06:01]} 53. Bc7 {[%clk 00:11:56]} {[%emt 00:00:11]} h5 {[%clk
00:06:23]} 54. Bxb6 {[%emt 00:00:35]} 1/2-1/2